The Bible : the biography
| Main Author: | Armstrong, Karen |
|---|---|
| Published: |
London:
Atlantic Books,
2007.
|
| Subjects: |
| LEADER | 00470cam a2200157 7i4500 | ||
|---|---|---|---|
| 001 | 0000047092 | ||
| 005 | 20200227090000.0 | ||
| 020 | |a 9781843546276 | ||
| 090 | 0 | 0 | |a BS450 |b .A46 2007 |
| 100 | 1 | |a Armstrong, Karen | |
| 245 | 1 | 4 | |a The Bible : |b the biography |c Karen Armstrong. |
| 260 | |a London: |b Atlantic Books, |c 2007. | ||
| 300 | |a 302 p. | ||
| 500 | |a Gift: Zainol Ahmad Resource Center | ||
| 650 | 0 | 0 | |a Bible -- |x History |
| 999 | |a 0000068740 |b BOK |c OPEN SHELF |e 1st Floor, Bestari Jaya | ||


